| 000 | 01531cam a2200361 a 4500 | ||
|---|---|---|---|
| 001 | 13467 | ||
| 003 | CUTN | ||
| 005 | 20140123115629.0 | ||
| 008 | 090202s2009 njua b 001 0 eng | ||
| 010 | _a 2009004221 | ||
| 020 | _a9780470257623 (cloth) | ||
| 020 | _a0470257628 (cloth) | ||
| 035 | _a(OCoLC)ocn268790870 | ||
| 040 |
_aDLC _beng _cDLC _dBTCTA _dYDXCP _dC#P _dCDX _dBWX _dNLGGC _dHEBIS _dDEBBG _dOCL _dDLC |
||
| 050 | 0 | 0 |
_aQD411.8.T73 _bC73 2009 |
| 082 | 0 | 0 |
_a547/.056 _222 |
| 084 |
_a35.60 _2bcl |
||
| 084 |
_aCHE 315f _2stub |
||
| 084 |
_aCHE 330f _2stub |
||
| 084 |
_aVH 9700 _2rvk |
||
| 100 | 1 |
_aCrabtree, Robert H., _d1948- _zCRA |
|
| 245 | 1 | 4 |
_aThe organometallic chemistry of the transition metals / _cRobert H. Crabtree. |
| 250 | _a5th ed. | ||
| 260 |
_aHoboken, N.J. : _bWiley, _cc2009. |
||
| 300 |
_axiii, 505 p. : _bill. ; _c25 cm. |
||
| 504 | _aIncludes bibliographical references and index. | ||
| 650 | 0 | _aOrganotransition metal compounds. | |
| 856 | 4 | 1 |
_3Table of contents _uhttp://bvbr.bib-bvb.de:8991/F?func=service&doc_library=BVB01&doc_number=017693720&line_number=0001&func_code=DB_RECORDS&service_type=MEDIA |
| 856 | 4 |
_uhttp://bvbr.bib-bvb.de:8991/F?func=service&doc_library=BVB01&doc_number=017693720&line_number=0002&func_code=DB_RECORDS&service_type=MEDIA _zKlappentext |
|
| 906 |
_a7 _bcbc _corignew _d1 _eecip _f20 _gy-gencatlg |
||
| 942 |
_2ddc _cBOOKS |
||
| 999 |
_c9996 _d9996 |
||